[Event "Kazakhstan Cup Open 2020"]
[Site "Almaty"]
[Date "2020.12.16"]
[Round "7.6"]
[White "Zhalmakhanov, Ramazan"]
[Black "Aitbayev, Aslan"]
[Result "0-1"]
[WhiteElo "2393"]
[BlackElo "2457"]
[Annotator "TA"]
[PlyCount "128"]
[EventDate "2020.12.01"]
[EventType "tourn"]
[EventCountry "KAZ"]
[SourceTitle "playchess.com"]
[Source "ChessBase"]
[SourceQuality "1"]

{[%evp 9,128,-18,-32,-32,-29,-22,-24,-28,-28,-25,-22,-18,-17,-34,-24,-19,-21,-33,-16,-25,-16,-49,-8,-32,-28,-25,-27,-36,-26,-27,-20,-68,-37,-47,-25,-47,-46,-43,-55,-78,-47,-75,-56,-79,0,-72,0,-77,-83,-77,-62,-87,-88,-99,-31,-24,0,-20,-34,-22,-25,-25,-21,-13,-13,-18,0,-38,-33,-40,-25,-36,-29,-55,-31,-22,-16,-27,-20,-22,-16,-16,-6,-25,0,-19,-19,-35,-30,-224,-216,-310,-313,-432,-408,-412,-408,-399,-408,-406,-406,-404,-391,-392,-336,-295,0,-395,-385,-402,-389,-443,-438,-618,-609,-531,-447,-584,-579,-575,-558]} 1. d4 d5 2. Bf4 c5 3. Nc3 Nc6 4. e3 a6 5. dxc5 e5 6. Bg3 {D00: 1 d4 d5: Unusual lines.} Be6 7. Nf3 f6 8. Na4 {Black has an edge.} Bxc5 {[%mdl 64] Decoy} 9. Nxc5 Qa5+ {[%mdl 64] Double Attack} 10. Nd2 Qxc5 {[#]} 11. Bd3 $146 ({Predecessor:} 11. Nb3 Qb6 12. Be2 Nge7 13. Qd2 Rc8 14. f4 O-O 15. O-O Bf5 16. Rac1 Rfe8 17. Bf2 {0-1 (48) Fulop,S (1997)-Kalmar,L (1877) Hungary 2009}) 11... Nge7 12. c3 O-O 13. Qc2 Kh8 14. O-O Rac8 15. Qb1 Bf7 16. Qd1 ({Wrong is} 16. Bxh7 $2 g6 $19) 16... Qb6 17. Qb3 Qa7 18. Qa4 b5 19. Qg4 Bg6 20. Be2 Na5 21. Qb4 Nec6 22. Qa3 Rfd8 23. Rfd1 Qb6 24. Rac1 h6 25. Bg4 Rb8 26. Be2 Rbc8 27. Bg4 Rb8 28. Be2 $1 Nb7 29. b3 Nc5 30. Nf3 Rbc8 31. Qb2 Be4 (31... Ne7 $17) 32. Ne1 $1 $15 Bg6 33. f3 Ne6 34. Bf2 Qb7 35. Rd2 Rc7 36. Rcd1 Rcd7 37. Nc2 Bf5 38. Nb4 Nxb4 39. cxb4 {[#]} d4 $1 {[%mdl 512]} 40. exd4 Nxd4 41. Bf1 Qc6 42. Kh1 $1 {[%cal Rf2d4]} Ne6 43. Be3 Rxd2 44. Rxd2 Rc8 45. Kg1 Kh7 46. Kf2 Qc7 47. g3 Qe7 48. a3 Rc6 49. Bg2 $2 {[#]} (49. Bd3 $11 Bxd3 50. Rxd3) 49... Qc7 $1 $19 50. h4 (50. Bf1 $142) 50... Rc3 {aiming for ...Rxe3!} 51. Bf1 {[#] intending Bc4!} Rxe3 $1 {[%mdl 512]} 52. Kxe3 Qb6+ 53. Ke2 Qg1 {And now ...Nd4+ would win.} 54. Qc3 Nd4+ 55. Ke1 Qxg3+ {[%mdl 64] Double Attack} 56. Kd1 {[#]} Qg1 $1 {[%cal Rg1f1][%mdl 512]} 57. Ke1 Qg3+ $40 {[%mdl 128] Black mounts an attack.} 58. Kd1 Qxh4 59. Qe3 {[#]} Nxf3 $1 {[%mdl 512]} 60. Rf2 ({Don't play} 60. Qxf3 Bg4 $19) 60... Nd4 {Black is clearly winning.} 61. Bd3 (61. Kc1 $142) 61... Bxd3 62. Qxd3+ Kh8 63. Qe3 Qh1+ 64. Kd2 Qb1 {Accuracy: White = 71%, Black = 92%.} 0-1

[Event "Kazakhstan Cup Open 2020"]
[Site "Almaty"]
[Date "2020.12.17"]
[Round "8.1"]
[White "Ibrayev, Nurlan"]
[Black "Aitbayev, Aslan"]
[Result "1/2-1/2"]
[WhiteElo "2395"]
[BlackElo "2457"]
[Annotator "TA"]
[PlyCount "147"]
[EventDate "2020.12.01"]
[EventType "tourn"]
[EventCountry "KAZ"]
[SourceTitle "playchess.com"]
[Source "ChessBase"]
[SourceQuality "1"]

{[%evp 22,146,0,0,0,0,0,0,71,58,64,18,98,0,124,118,120,119,125,114,199,183,175,165,252,147,306,208,243,187,287,240,242,241,384,378,376,275,269,259,287,282,283,260,321,351,334,306,433,425,410,422,1133,1074,1259,1228,1095,374,12841,445,1018,992,12837,176,147,0,0,0,0,0,0,0,0,0,0,0,0,0,0,55,0,0,0,0,0,0,0,0,0,0,0,0,0,0,0,0,0,0,0,0,0,0,0,0,0,0,0,0,0,0,0,0,0,0,0,0,0,0,0,0,0,0,0,0,0,0,0]} 1. d4 d5 2. c4 c6 3. Nf3 Nf6 4. e3 e6 5. Bd3 Nbd7 6. O-O b6 7. Nc3 Bb7 8. e4 dxe4 9. Nxe4 Be7 10. Qe2 O-O 11. Rd1 Qc7 12. Bg5 Rfe8 {D46: Semi-Slav: 5 e3 Nbd7 6 Bd3, Black avoids the Meran.} 13. c5 bxc5 14. dxc5 {[#]} Nd5 $146 (14... Nxc5 $11 15. Nxc5 Bxc5) ({Predecessor:} 14... Nxe4 15. Qxe4 Nf8 16. Bf4 Qc8 17. b4 a5 18. a3 Bf6 19. Be5 Be7 20. h4 Rd8 {½-½ (62) Sandic,V (2306)-Djordjevic,N (2267) Bajina Basta 2019}) 15. Bxe7 $16 Rxe7 16. Nd6 Rb8 (16... Nxc5 $11 17. Bxh7+ {[%mdl 64] Decoy} Kxh7 18. Qc2+ Kg8 19. Qxc5 Rd7 20. Nxb7 Qxb7) 17. Rac1 ({Better is} 17. Qc2 $16) 17... Ba8 (17... Nxc5 $1 $11 {remains equal.} 18. Bxh7+ {[%mdl 64] Decoy} Kxh7 19. Qc2+ Kg8 20. Qxc5 Ba6) 18. Bb1 f6 19. Qc2 $40 {[%mdl 128] Black is in trouble.} Nf8 20. Nd4 g6 {[#]} (20... e5 $16 {might work better.}) 21. a3 $1 $18 a5 22. Ba2 Kg7 (22... e5 {keeps fighting.}) 23. Rb1 ({White has to play} 23. Bxd5 $18 cxd5 24. N6b5) 23... Qa7 $2 (23... e5 $16) 24. h3 Nf4 25. b4 axb4 (25... e5 $142) 26. axb4 e5 27. Ne2 Nxe2+ (27... Nd5 $142 28. b5 Ne6 29. bxc6 Nb4 30. Rxb4 Rxb4) 28. Qxe2 Bb7 29. Bc4 {[#] Ra1 is the strong threat.} Bc8 30. Qf3 Qc7 31. Nxc8 e4 32. Qc3 Rxc8 33. Rd6 Nd7 34. Be6 Rf8 (34... e3 $142 35. Qd4 (35. Qxe3 Nf8 $16) (35. fxe3 Rf8 $18) 35... exf2+ 36. Kxf2 (36. Qxf2 Rf8 $16) 36... Ne5 37. Bxc8 Qxc8) 35. Re1 Ne5 36. Rxe4 Rfe8 (36... Nf7 $142) 37. Rxe5 fxe5 38. Qxe5+ Kh6 39. f4 $2 (39. Qe3+ Kg7 40. Qd4+ Kh6 41. Bd7 Re1+ 42. Kh2) 39... Qa7 $2 (39... Rxe6 40. Rxe6 {[%mdl 64] Discovered Attack} Qxe5 41. Rxe5 Rf8) 40. Rxc6 (40. g4 $142 {g5+ would kill now.} Rxe6 41. Rxe6 Rxe6 42. g5+ Kh5 43. Qxe6 Qa1+ 44. Kf2 Qd4+ 45. Qe3) 40... Qa3 (40... Qb8 $142) 41. Kh2 Qxb4 42. f5 $2 (42. g4 {White threatens g5+ and mate.} Rxe6 43. Rxe6 Rxe6 44. g5+ (44. Qxe6 Qxc5 45. Qe1 Qc2+ 46. Kg3 Qd3+ 47. Kg2 Kg7 $16) 44... Kh5 45. Qxe6 Qxf4+ {[%mdl 64] Double Attack} 46. Kg2 Kxg5 47. c6) 42... Qd2 43. f6 (43. Ra6 $16 {Black must now prevent c6.} Qf2 44. Ra4) 43... Rxe6 $1 $11 44. Rxe6 Rxe6 45. Qxe6 {[%mdl 4096] Endgame KQ-KQ} Qf4+ 46. Kg1 Qd4+ 47. Kh1 Qxc5 48. Qg4 {Threatens to win with Qh4+.} g5 49. h4 gxh4 50. Qg7+ Kh5 51. Qxh7+ {The position is equal.} Kg5 52. Qg7+ Kh5 53. Qh7+ Kg5 54. Qg7+ Kh5 55. f7 Qc1+ 56. Kh2 Qf4+ 57. Kh3 Qf3+ 58. Kh2 Qf4+ 59. Kg1 Qc1+ 60. Kf2 Qd2+ 61. Kf3 {Threatening mate with Qg4+. Cut Off at move 61} Qd3+ 62. Kf4 {[%csl Gf4][%cal Rg7g5]} Qc4+ 63. Ke3 Qb3+ 64. Kd2 Qa2+ 65. Kc1 Qc4+ 66. Kb2 Qb4+ 67. Kc2 Qc4+ 68. Kd2 Qa2+ 69. Ke3 Qb3+ 70. Kf2 Qc2+ 71. Kg1 Qc1+ 72. Kh2 Qf4+ 73. Kh3 Qf3+ 74. gxf3 {Black escapes into a draw.  Weighted Error Value: White=0.50/Black=0.32} 1/2-1/2

[Event "Kazakhstan Cup Open 2020"]
[Site "Almaty"]
[Date "2020.12.17"]
[Round "8.2"]
[White "Khusnutdinov, Rustam"]
[Black "Zhalmakhanov, Ramazan"]
[Result "0-1"]
[WhiteElo "2491"]
[BlackElo "2393"]
[Annotator "TA"]
[PlyCount "90"]
[EventDate "2020.12.01"]
[EventType "tourn"]
[EventCountry "KAZ"]
[SourceTitle "playchess.com"]
[Source "ChessBase"]
[SourceQuality "1"]

{[%evp 14,90,39,38,43,47,61,0,0,0,0,0,0,0,0,0,33,30,30,34,31,24,37,0,8,0,0,0,0,0,13,6,18,15,8,0,2,0,0,0,0,0,3,2,6,0,7,0,0,0,0,0,0,0,0,0,0,-92,0,0,0,0,0,0,52,41,75,73,87,-179,-162,-455,-446,-478,-469,-783,-642,-1312,-1297]} 1. e4 c5 2. Nc3 Nc6 3. Bb5 g6 4. Bxc6 bxc6 5. f4 Bg7 6. Nf3 d6 7. d3 Nh6 8. O-O f5 {B23: Closed Sicilian: Lines without g3.} 9. e5 Nf7 {[%cal Rd6e5]} 10. Qe1 {[#]} (10. exd6 $14 exd6 11. Re1+ Kf8 12. Be3) 10... dxe5 $146 {The position is equal.} ({Predecessor:} 10... O-O 11. e6 Nh6 12. h3 Ba6 13. b3 Bf6 14. Bb2 Kh8 15. Na4 Ng8 16. Ng5 Bxb2 17. Nxb2 {0-1 (54) Ritviz,P (2296)-Liascovich,L (2418) chess.com INT 2020}) 11. fxe5 Nxe5 12. Nxe5 Qd4+ {[%mdl 64] [#] Double Attack} 13. Be3 Qxe5 14. Na4 O-O (14... Qd5 {looks sharper.} 15. Qf2 c4 16. dxc4 Qa5 17. Nc5 O-O) 15. Bxc5 Re8 16. Qxe5 Bxe5 17. Rae1 Bf6 $1 18. Bb4 Rb8 19. Bd6 Rb5 20. c4 Ra5 21. b3 $1 Kf7 22. Bc7 Ra6 23. Be5 Rd8 24. Re2 Rxa4 25. bxa4 {next Bxf6 is good for White.} Rxd3 26. Bxf6 Kxf6 {[%mdl 4096] Endgame KRR-KRB} 27. Rfe1 e6 28. Re5 Ke7 $1 29. Ra5 a6 30. Rae5 Ra3 31. R5e3 Rxa4 32. Rh3 h5 33. Rg3 Kf6 34. Rd3 {Threatens to win with Rd8.} a5 ({But not} 34... Rxc4 $2 35. Rd8 $18) 35. c5 (35. Rd6 $1 $11 {keeps the balance.}) 35... Ba6 (35... Rxa2 $17 {And now ...Ba6 would win.} 36. Rd6 Rc2 37. Rxc6 Bd7) 36. Rd6 Bc4 37. Rd4 g5 38. h4 g4 (38... gxh4 $11 39. Rc1 Bb5 40. Rxa4 Bxa4) 39. Rc1 $14 Bb5 40. Rxa4 Bxa4 $16 {KR-KB} 41. Rc4 $2 {[%mdl 8192] This costs White the game.} (41. g3 $16 {keeps the pressure on.}) 41... Bb5 $19 42. Rd4 $2 (42. Rc3 {was called for.}) 42... Ke5 {Black is clearly winning.} 43. Rd8 {[#]} g3 $1 44. Rg8 (44. a4 $142 Bxa4 45. Ra8) 44... Kf4 45. Rg5 e5 {Weighted Error Value: White=0.51/Black=0.09} 0-1

[Event "Kazakhstan Cup Open 2020"]
[Site "Almaty"]
[Date "2020.12.17"]
[Round "8.3"]
[White "Kostenko, Petr"]
[Black "Kazhgaleyev, Murtas"]
[Result "1/2-1/2"]
[WhiteElo "2429"]
[BlackElo "2569"]
[Annotator "TA"]
[PlyCount "117"]
[EventDate "2020.12.01"]
[EventType "tourn"]
[EventCountry "KAZ"]
[SourceTitle "playchess.com"]
[Source "ChessBase"]
[SourceQuality "1"]

{[%evp 9,117,-4,6,5,43,-5,0,-38,-4,-4,0,0,0,-5,0,4,11,13,12,0,23,20,40,0,12,4,4,14,17,17,94,-11,4,12,59,7,16,12,10,11,43,42,63,5,58,49,41,50,48,40,47,32,37,32,33,45,31,0,0,0,0,0,0,0,0,0,0,0,5,0,0,-31,-33,-20,-8,-8,-13,-19,-18,-13,-8,-8,-8,-8,-8,-8,-8,-8,-8,-8,-8,-8,-8,-8,-8,-8,-8,-8,-8,-8,-8,-8,-8,-8,-8,-8,-8,-8,-8,-29986]} 1. e4 e5 2. Nf3 Nc6 3. Nc3 Nf6 4. h3 Bb4 5. Nd5 Ba5 6. c3 {C47: Scotch Four Knights and Four Knights with 4 g3.} O-O (6... Nxe4 {feels hotter.} 7. d3 Nf6 8. Bg5 d6 9. Bh4 h6) 7. b4 (7. a4 {looks sharper.} Bb6 8. d3 h6 9. Be2 d6 10. b4) 7... Bb6 8. Nxb6 (8. Bd3 {seems wilder.} Nxd5 9. exd5 Re8 10. O-O e4 11. Bxe4 Rxe4 12. d3) 8... axb6 9. d3 {[#]} d6 $146 ({Predecessor:} 9... d5 10. Qc2 h6 11. Be2 b5 12. O-O Be6 13. Be3 Qd7 14. Rfd1 Rfd8 15. a4 bxa4 {1-0 (63) Carlsen,M (2863)-Le,Q (2709) chess24.com INT 2020}) 10. Be2 Ne7 11. O-O Ng6 12. Qc2 Qe7 13. Re1 Bd7 14. Bf1 Nh5 15. d4 Nhf4 16. Be3 f5 17. Bxf4 Nxf4 18. dxe5 {With the idea exf5.} fxe4 $1 19. exd6 (19. Rxe4 Bc6 $17) 19... Qf6 (19... Qxd6 $11 {remains equal.} 20. Qxe4 Bc6) 20. Nh2 ({Much weaker is} 20. Rxe4 $6 Bc6 $11) (20. Qxe4 $16 Bc6 21. Qd4 Bxf3 22. Qxf6 Rxf6 23. dxc7) 20... cxd6 21. Qxe4 Qxc3 22. Ng4 ({Better is} 22. Rac1 $14 Qb2 23. Nf3) 22... Bc6 23. Qc4+ $1 Qxc4 24. Bxc4+ Kh8 25. Bf1 b5 26. Red1 (26. Ne3 $14) 26... h5 ({Black should try} 26... Nd5 $11) 27. Ne3 $14 Rf6 28. g3 Ng6 29. Nd5 Rf7 $1 30. h4 Ne5 31. Be2 Nf3+ 32. Bxf3 Rxf3 33. Nf4 Ra4 34. Rd4 Rb3 35. Nxh5 (35. axb3 $2 {is a self mate.} Rxa1+ 36. Rd1 Rxd1+ 37. Kh2 Rh1#) 35... Rxa2 36. Rf1 (36. Rxa2 $2 {gets mated.} Rb1+ 37. Rd1 Rxd1+ 38. Kh2 Rh1#) 36... Rab2 37. Nf4 Rxb4 38. Rxd6 Rb1 39. Ne6 {Threatening Ng5.} Kg8 40. Rdd1 (40. Nd4 {is more complex.} Rxf1+ 41. Kxf1 Rc4 42. Ke2 b4 43. Kd2) 40... Rxd1 41. Rxd1 $15 {[%mdl 4096] Endgame KRB-KRN} Rc4 {The position is equal.} 42. Nd4 b4 {[%cal Bb5b4,Bb4c3,Bc3c2][%mdl 32]} 43. f3 Ba4 44. Rd3 $1 Rc3 45. Rxc3 $1 bxc3 $11 {KB-KN} 46. Ne2 c2 47. Kf2 Kf7 (47... Bb5 $5 48. Nc1 $8 Kf7 $15) 48. Ke3 Bc6 49. f4 Kf6 (49... Bb5 $5 50. Nc1 $8 Kf6 $11) 50. Kd2 Kf5 51. Kxc2 Kg4 52. Kd2 Bb5 53. Nd4 Bd7 54. Ke3 Kxg3 55. f5 $1 Kxh4 {aiming for ...Kg5.} (55... Kg4 $5 56. Ke4 $8 Kxh4 $11) 56. Kf4 b5 {[#] White should prevent ...b4.} 57. f6 $1 {[%mdl 512]} gxf6 {[#] ...b4 is the strong threat.} 58. Nxb5 $1 {[%mdl 512]} Bxb5 59. Ke4 $2 {[%mdl 40960] Weighted Error Value: White=0.11/Black=0.10. An unexpected result.} (59. Kf5 $11) 1/2-1/2

[Event "Kazakhstan Cup Open 2020"]
[Site "Almaty"]
[Date "2020.12.17"]
[Round "8.4"]
[White "Jumabayev, Rinat"]
[Black "Akhmetov, Ayan"]
[Result "1-0"]
[WhiteElo "2654"]
[BlackElo "2438"]
[Annotator "TA"]
[PlyCount "65"]
[EventDate "2020.12.01"]
[EventType "tourn"]
[EventCountry "KAZ"]
[SourceTitle "playchess.com"]
[Source "ChessBase"]
[SourceQuality "1"]

{[%evp 17,65,103,103,102,85,95,87,90,94,106,93,97,89,41,52,64,47,45,48,53,60,45,58,52,60,64,232,239,695,597,866,451,1420,1352,1616,1568,1404,1361,2197,2135,1881,1839,29980,29981,29981,29982,29982,29983,29983,29983]} 1. Nf3 d6 2. d4 Bg4 3. e4 Nf6 4. Nc3 e6 5. h3 Bh5 6. Qe2 c6 7. g4 Bg6 8. h4 h5 9. g5 Nfd7 10. d5 {A41: 1 d4 d6: Tartakower System and Modern Defence.} cxd5 11. exd5 e5 12. Be3 {White is better.} Be7 13. Bh3 O-O 14. Nd2 $5 {[%mdl 4] Exploring less charted territory.} Na6 15. Nde4 Nc7 {[#]} 16. Ng3 $146 ({Predecessor:} 16. Rd1 b5 17. Ng3 f5 18. gxf6 Nxf6 19. a3 Rb8 20. b4 a5 21. Rg1 axb4 22. axb4 {1-0 (33) Cebalo,M (2485)-Halser,W (2195) Graz 1994}) 16... b5 $1 17. O-O-O b4 18. Nce4 Nb6 19. Bf5 Qe8 20. Qf3 Qa4 21. Kb1 Nbxd5 $2 {[#] Loses the game.} (21... Ncxd5 $14 22. Bxb6 axb6 23. Rxd5 Qxa2+ 24. Kc1 Ra5 25. Rxa5 bxa5) 22. Nxh5 $18 Rfc8 $2 (22... Bxf5 23. Qxf5 g6 24. Nhf6+ Bxf6 25. Nxf6+ Nxf6 26. Qxf6 Ne8) 23. Nhf6+ gxf6 24. gxf6 Nb5 (24... Bxf6 $142 25. h5 Bxf5 26. Qxf5 Ne8) 25. Rxd5 Na3+ 26. bxa3 Qxc2+ 27. Ka1 b3 28. axb3 {[%mdl 64] [#] Overworked Piece} Qxb3 29. Rd2 d5 30. Bxg6 {White mates.} fxg6 31. f7+ Kh8 32. h5 g5 33. Qf5 {[%mdl 64] Double Attack.  Weighted Error Value: White=0.29/Black=0.72} 1-0

[Event "Kazakhstan Cup Open 2020"]
[Site "Almaty"]
[Date "2020.12.17"]
[Round "8.5"]
[White "Utegaliyev, Azamat"]
[Black "Makhnev, Denis"]
[Result "1/2-1/2"]
[WhiteElo "2496"]
[BlackElo "2486"]
[Annotator "TA"]
[PlyCount "91"]
[EventDate "2020.12.01"]
[EventType "tourn"]
[EventCountry "KAZ"]
[SourceTitle "playchess.com"]
[Source "ChessBase"]
[SourceQuality "1"]

{[%evp 9,91,0,29,28,25,0,0,0,-8,-10,0,0,0,0,0,0,8,0,22,18,6,17,11,7,6,5,20,2,20,15,6,12,36,32,26,41,58,53,136,132,152,90,90,90,91,96,90,84,150,34,60,0,0,0,0,0,0,0,0,0,0,0,0,0,0,0,0,0,0,0,0,0,0,0,0,0,0,0,0,0,0,0,0,0]} 1. e4 e5 2. Nc3 Nf6 3. g3 d5 4. exd5 Nxd5 5. Bg2 Ne7 6. Nf3 {C26: Vienna Game: 2...Nf6, sidelines .} Nbc6 7. Qe2 Bg4 8. Qe4 f5 9. Qa4 Qd7 10. d3 Bxf3 11. Bxf3 Nd4 12. Qxd7+ ({Much worse is} 12. Bxb7 Qxa4 13. Nxa4 Rb8 $17) 12... Kxd7 13. Bd1 $1 {[#]} ({Avoid the trap} 13. Bxb7 $2 Rb8 $19) 13... Rd8 $146 ({Predecessor:} 13... Nec6 14. a3 h5 15. h4 Re8 16. O-O Bd6 17. Nd5 Ne7 18. Nxe7 Bxe7 19. c3 Ne6 {1-0 (37) Saiz Rodrigo,J (1917)-Castillo Escario,Y (2029) Barcelona 2014}) 14. Nb1 Kc8 15. Nd2 Nec6 {Black wants to play ...Nb4.} 16. c3 Ne6 17. Ke2 Be7 18. b4 Bf6 19. Bb3 Rhe8 20. Bb2 a5 21. a3 e4 22. d4 Nexd4+ 23. cxd4 Bxd4 {[#]} (23... Nxd4+ $14 24. Bxd4 Bxd4) 24. Rhb1 $1 $16 g5 25. Nc4 ({Better is} 25. bxa5 Bxb2 26. Rxb2) 25... Bxb2 26. Rxb2 a4 27. Bd1 ({Don't play} 27. Bxa4 $6 b5 $11) 27... b5 28. Nd2 f4 (28... Rd3 $142) 29. Ke1 ({White should try} 29. Kf1 $16) 29... Ne5 $1 $14 {[%cal Re5d3] Hoping for ...Nd3+.} 30. Kf1 (30. Bc2 $14) 30... e3 $36 {[%mdl 2048] Black has some pressure.The position is equal.} 31. fxe3 fxe3 32. Nf3 $1 {[%cal Rf3e5] Strongly threatening Nxe5.} Rxd1+ $1 {[%mdl 64] [#] Remove Defender} 33. Rxd1 Nxf3 {[%mdl 4096] Endgame KRR-KRN} 34. Ke2 $1 {[%cal Re2f3]} Nd2 35. Rc2 Nc4 36. Rd5 Nxa3 37. Rc1 Re4 38. Rdc5 Rxb4 39. Rxc7+ {[%mdl 64] Double Attack} Kd8 40. Rxh7 Nc4 $1 {Threatens to win with ...Rb2+.} 41. Rd1+ Kc8 {aiming for ...Rb2+.} 42. Rdd7 {And now Rc7+ would win.} Rb2+ 43. Ke1 Rb1+ 44. Ke2 $1 {Rc7+ is the strong threat.} Rb2+ 45. Ke1 Rb1+ 46. Ke2 $1 {Weighted Error Value: White=0.09/Black=0.07} 1/2-1/2

[Event "Kazakhstan Cup Open 2020"]
[Site "Almaty"]
[Date "2020.12.17"]
[Round "8.6"]
[White "Ismagambetov, Anuar"]
[Black "Agmanov, Zhandos"]
[Result "1/2-1/2"]
[WhiteElo "2528"]
[BlackElo "2407"]
[Annotator "TA"]
[PlyCount "108"]
[EventDate "2020.12.01"]
[EventType "tourn"]
[EventCountry "KAZ"]
[SourceTitle "playchess.com"]
[Source "ChessBase"]
[SourceQuality "1"]

{[%evp 16,108,14,10,5,0,0,0,19,0,0,-3,-12,0,0,0,0,0,0,-23,-33,-52,-36,-55,-55,-83,-20,-21,-10,-10,-6,-16,-1,0,0,-88,-91,-75,-84,-90,-82,-125,-93,-87,-89,-93,-62,-61,-38,-40,-48,-53,-51,-51,-10,-19,0,0,0,0,0,0,0,0,0,0,0,0,0,0,0,0,0,0,0,0,0,0,0,0,0,0,0,0,0,0,0,0,0,0,0,0,0,0,0]} 1. e4 e6 2. d4 d5 3. Nc3 Nf6 4. e5 Nfd7 5. f4 c5 6. Nf3 Nc6 7. Be3 Be7 8. Qd2 a6 9. dxc5 Nxc5 {C11: French: Classical System: 4 e5 and 4 Bg5 dxe4.} 10. O-O-O Qa5 11. Kb1 b5 12. Bd3 Bd7 13. Nd4 Nxd4 14. Bxd4 b4 15. Ne2 O-O 16. g4 {[#]} Rfc8 $146 ({Predecessor:} 16... Nxd3 17. cxd3 Qb5 18. Rdf1 Rfc8 19. Rc1 b3 20. a3 Rc2 21. Rxc2 bxc2+ 22. Ka2 Qa4 {1-0 (55) De Rover,Y (2418)-Pijpers,A (2465) Belgium 2018}) 17. f5 Nxd3 18. cxd3 exf5 19. e6 Bxe6 20. Nf4 Qd8 (20... fxg4 $17 21. Nxe6 fxe6) 21. Rhg1 fxg4 {[#] Strongly threatening ...Bd7.} 22. Nxe6 fxe6 23. Qe2 Bf6 24. Qxe6+ Kh8 25. Rxg4 (25. Qxg4 $11 Bxd4 26. Qxd4) 25... Qc7 $17 {( -> ...Qc2+)} 26. Qe2 Bxd4 27. Rxd4 Qc5 28. Rg4 Ra7 29. Qd2 {[#]} a5 $1 30. Rc1 Qf8 31. Rf4 $1 {[%cal Rf4f8]} Rxc1+ 32. Qxc1 $15 {[%cal Rf4f8][%mdl 4096] Endgame KQR-KQR} Qe8 33. Qc5 {Rf8+ would kill now.} Ra8 34. Rf1 Rc8 35. Qxd5 {The position is equal.} h6 36. Rc1 $1 Rxc1+ 37. Kxc1 $11 {KQ-KQ} Qe1+ 38. Kc2 Qe2+ 39. Kb3 Qxh2 40. Qa8+ Kh7 41. Qe4+ Kh8 42. Qe8+ Kh7 43. Qe4+ Kh8 44. d4 h5 45. d5 h4 46. Qe7 {Hoping for d6.} Qg3+ 47. Ka4 b3 48. axb3 h3 {aiming for ...Qg4+.} 49. d6 {And now d7 would win.} h2 50. Qe8+ Kh7 51. Qh5+ Kg8 52. Qe8+ Kh7 53. Qh5+ Kg8 54. Qd5+ Kh7 {Weighted Error Value: White=0.07/Black=0.07} 1/2-1/2

[Event "Kazakhstan Cup Open 2020"]
[Site "Almaty"]
[Date "2020.12.18"]
[Round "9.1"]
[White "Agmanov, Zhandos"]
[Black "Ibrayev, Nurlan"]
[Result "0-1"]
[WhiteElo "2407"]
[BlackElo "2395"]
[Annotator "TA"]
[PlyCount "100"]
[EventDate "2020.12.01"]
[EventType "tourn"]
[EventCountry "KAZ"]
[SourceTitle "playchess.com"]
[Source "ChessBase"]
[SourceQuality "1"]

{[%evp 16,100,23,23,33,35,23,30,29,31,23,11,20,9,22,8,7,2,4,6,8,0,0,0,10,0,0,-33,-34,-34,-38,-84,-8,-37,-14,-14,-13,-33,-31,-32,-27,-33,-28,-48,-38,-33,-25,-48,-49,-56,-57,-101,-75,-85,-63,-270,-252,-246,-256,-329,-325,-320,-320,-308,-304,-279,-279,-329,-329,-363,-335,-525,-487,-564,-568,-577,-1907,-1711,-1605,-1385,-602,-2012,-1918,-11333,-9991,-12829,-12823]} 1. e4 c5 2. Nf3 d6 3. d4 cxd4 4. Nxd4 Nf6 5. Nc3 a6 6. Be3 e5 7. Nb3 Be6 8. f3 Nc6 {8...h5 is becoming the main line.} 9. Qd2 d5 {B90: Sicilian Najdorf: Unusual White 6th moves, 6 Be3 Ng4 and 6 Be3 e5.} 10. exd5 Nxd5 11. Nxd5 Qxd5 {White has an edge.} 12. Qxd5 Bxd5 13. O-O-O O-O-O 14. Be2 Kc7 {[#]} 15. Rd2 $146 ({Predecessor:} 15. c3 Be7 16. Kc2 Be6 17. Bd3 a5 18. a4 b6 19. Nd2 h6 20. b3 Bg5 21. Bf2 Bxd2 22. Rxd2 {½-½ (47) Petr,M (2236)-Cvek,R (2471) Plzen 2003}) 15... Bb4 16. c3 Be7 17. Rhd1 Be6 18. Bd3 a5 {[%cal Ba6a5,Ba5a4][%mdl 32]} 19. Bb5 b6 {[%cal Bb7b6,Bb6b5][%mdl 32]} 20. Re1 Na7 21. Bd3 a4 22. Na1 $1 Bxa2 23. Bc2 {[#]} Rxd2 (23... a3 $1 $17 24. Rxd8 Rxd8) 24. Bxd2 $11 b5 25. Rxe5 Bd6 26. Re1 Nc6 27. Bd3 Rb8 ({Much worse is} 27... Bxh2 $6 28. Bxb5 Ra8 29. Re4 $14) 28. Nc2 Ne5 29. Nb4 Nxd3+ 30. Nxd3 Bc4 ({Don't play} 30... Bxh2 $6 31. Nb4 $16) 31. Nb4 {Black should prevent Na6+.} Kd7 32. Be3 Re8 33. Kd2 h5 34. h4 Re6 35. g4 $2 {[#] This costs White the game.} (35. Nc2 $15) 35... hxg4 $19 36. fxg4 Re4 37. g5 Rxh4 38. Nc2 Rh2+ 39. Kc1 Re2 40. Rxe2 Bxe2 {[%mdl 4096] Endgame KBB-KBN} 41. Nd4 Bc4 42. Kd2 g6 43. Ke1 (43. Bf2 {was worth a try.}) 43... Bg3+ {Black is clearly winning.} 44. Kd2 Kd6 45. Ne2 Bxe2 46. Kxe2 Kd5 47. Kd3 Be5 (47... Bc7 $142 48. Bd2 Be5) 48. Bd2 f5 49. gxf6 Bxf6 50. Be3 g5 {Weighted Error Value: White=0.82/Black=0.17} 0-1